[Event "Chigorin Memorial 2008"]
[Site "St. Petersburg RUS"]
[Date "2008.10.09"]
[Round "7.47"]
[White "Serov, Maksim"]
[Black "Fedoseev, Sergey"]
[Result "0-1"]
[WhiteElo "2378"]
[BlackElo "2193"]
[PlyCount "100"]
[EventDate "2008.10.03"]
[EventType "swiss"]
[EventRounds "9"]
[EventCountry "RUS"]
[Source "lmi"]
[SourceDate "2008.10.03"]

1. d4 Nf6 2. c4 g6 3. Nf3 Bg7 4. g3 O-O 5. Bg2 c6 6. Nc3 d5 7. Qb3 a5 8. cxd5
cxd5 9. Ne5 Nc6 10. Nxc6 bxc6 11. O-O Ba6 12. Rd1 Rb8 13. Qc2 e5 14. dxe5 Ng4
15. Na4 Nxe5 16. Bf4 d4 17. Nc5 Bc8 18. Nb3 Bf5 19. Be4 d3 20. exd3 a4 21. Bxe5
Bxe5 22. Nc5 Rxb2 23. Qc4 Bg4 24. Nxa4 Rxf2 25. d4 Bxd1 26. Rxd1 Rf6 27. Rd3
Bd6 28. Bxc6 Qe7 29. Bf3 Qe1+ 30. Kg2 Rb8 31. Rd1 Qe3 32. Rd3 Qe1 33. Rd1 Qa5
34. Qc2 h5 35. Rd3 h4 36. Nc5 Qd8 37. Ne4 Rf5 38. Qe2 Rfb5 39. Rd2 Ba3 40. Qd3
Bc1 41. Rd1 Rb2+ 42. Kg1 Bh6 43. d5 Qb6+ 44. Kh1 hxg3 45. hxg3 f5 46. Nc3 Qf2
47. Ne2 Re8 48. d6 Rexe2 49. Bxe2 Rxe2 50. Qc4+ Kh7 0-1

[Event "Chigorin Memorial 2008"]
[Site "St. Petersburg RUS"]
[Date "2008.10.09"]
[Round "7.49"]
[White "Barhudarian, Rafael"]
[Black "Ganichev, Alexander"]
[Result "1-0"]
[WhiteElo "2327"]
[BlackElo "2148"]
[PlyCount "143"]
[EventDate "2008.10.03"]
[EventType "swiss"]
[EventRounds "9"]
[EventCountry "RUS"]
[Source "lmi"]
[SourceDate "2008.10.03"]

1. Nc3 c5 2. Nf3 d5 3. d4 cxd4 4. Qxd4 Nf6 5. e4 Nc6 6. Bb5 Bd7 7. Bxc6 Bxc6 8.
e5 Ne4 9. e6 f6 10. Bf4 Qa5 11. O-O Nxc3 12. bxc3 g6 13. h4 Bg7 14. h5 O-O-O
15. h6 Bf8 16. Rab1 Rg8 17. c4 dxc4 18. Qxc4 Qd5 19. Qa6 Bxh6 20. Bg3 Qc5 21.
Rb3 f5 22. Rfb1 Qd5 23. Qxa7 f4 24. Rd3 Qe4 25. Qa8+ Kc7 26. Qa5+ Kc8 27. Qa8+
Kc7 28. Qa5+ Kc8 29. Rd7 Bxd7 30. Rb4 Bc6 31. Rxe4 Bxe4 32. Qa8+ Kc7 33. Qa5+
Kc8 34. Qa8+ Kc7 35. Qa5+ Kc8 36. Qc5+ Bc6 37. Bh4 g5 38. Bxg5 Bxg5 39. Nxg5
Rd5 40. Qxe7 Rdxg5 41. Kf1 Rxg2 42. Ke2 f3+ 43. Ke3 Re8 44. Qf7 Rg5 45. Kf4 Rg1
46. Qxh7 Re1 47. a4 R1xe6 48. a5 Rf8+ 49. Kg3 Re5 50. Qg7 Rff5 51. Qg8+ Kc7 52.
Qh7+ Kb8 53. Qh8+ Ka7 54. Qd8 Rxa5 55. Qd4+ b6 56. Qd6 Bb7 57. Qd7 Rg5+ 58. Kf4
Rg2 59. Qd4 Bc6 60. c4 Ra2 61. Qd6 Bb7 62. c5 Ra4+ 63. Ke3 bxc5 64. Qxc5+ Ka6
65. Qd6+ Kb5 66. Qe5+ Kb6 67. Qd6+ Bc6 68. Qb8+ Kc5 69. Qe5+ Kc4 70. Qd4+ Kb5
71. Qd3+ Rc4 72. Qb3+ 1-0

[Event "Chigorin Memorial 2008"]
[Site "St. Petersburg RUS"]
[Date "2008.10.09"]
[Round "7.50"]
[White "Bronnikova, Elizaveta"]
[Black "Palchun, Grigory"]
[Result "1-0"]
[WhiteElo "2293"]
[BlackElo "2129"]
[PlyCount "75"]
[EventDate "2008.10.03"]
[EventType "swiss"]
[EventRounds "9"]
[EventCountry "RUS"]
[Source "lmi"]
[SourceDate "2008.10.03"]

1. e4 c5 2. Nf3 a6 3. d4 cxd4 4. Nxd4 Nf6 5. Nc3 e5 6. Nf3 Bb4 7. Bd2 Nc6 8.
Bd3 d5 9. exd5 Nxd5 10. Nxd5 Qxd5 11. Qe2 Bxd2+ 12. Nxd2 O-O 13. c3 Kh8 14. Be4
Qe6 15. Nc4 Re8 16. O-O-O Qg4 17. f3 Qf4+ 18. Kb1 g6 19. Nb6 Rb8 20. Nd5 Qh4
21. g3 Qh3 22. Nc7 Re7 23. Nd5 Re8 24. g4 Kg7 25. Rhg1 Bd7 26. Rd3 Qh4 27. Nc7
Re7 28. Rgd1 Bc8 29. Nd5 Re8 30. Ka1 Qg5 31. h4 Qxh4 32. Nc7 Re7 33. Bxc6 bxc6
34. Rd8 h6 35. Ne8+ Kh7 36. Nd6 Rc7 37. Nxf7 Rxf7 38. Qxe5 1-0

[Event "Chigorin Memorial 2008"]
[Site "St. Petersburg RUS"]
[Date "2008.10.09"]
[Round "7.51"]
[White "Guzenko, Artem"]
[Black "Zakharchenko, Arnold"]
[Result "0-1"]
[WhiteElo "2121"]
[BlackElo "2288"]
[PlyCount "120"]
[EventDate "2008.10.03"]
[EventType "swiss"]
[EventRounds "9"]
[EventCountry "RUS"]
[Source "lmi"]
[SourceDate "2008.10.03"]

1. e4 c5 2. Nf3 g6 3. d4 Bg7 4. dxc5 Qa5+ 5. c3 Qxc5 6. Na3 Nf6 7. Bd3 d6 8.
O-O Nc6 9. Be3 Qa5 10. h3 O-O 11. Re1 d5 12. e5 Ne4 13. Bd4 Nc5 14. Bb5 Ne6 15.
Qa4 Qxa4 16. Bxa4 Bd7 17. Bb3 Ncxd4 18. cxd4 Bc6 19. Nc2 a5 20. Ne3 Rfd8 21. a3
Ra6 22. Re2 Rb6 23. Ba2 Nf8 24. Rc1 e6 25. Ne1 Nd7 26. f4 f5 27. g4 Rf8 28.
N1g2 Ra8 29. Nh4 Bh6 30. Rf2 Rf8 31. gxf5 gxf5 32. Nhxf5 exf5 33. Nxd5 Kh8 34.
Nxb6 Nxb6 35. Rd1 Nd5 36. Re1 Rg8+ 37. Kh2 Bxf4+ 38. Rxf4 Nxf4 39. Bxg8 Kxg8
40. Kg3 Ne6 41. Rd1 Bd5 42. Kf2 Kf7 43. Ke3 f4+ 44. Kd3 Kg6 45. Rg1+ Kf5 46. b4
axb4 47. axb4 b5 48. Ke2 Nxd4+ 49. Kf2 Kxe5 50. h4 Nf3 51. Rg7 Nxh4 52. Rxh7
Nf5 53. Rh5 Ke4 54. Rh8 Ne3 55. Re8+ Kd4 56. Rf8 Ng4+ 57. Ke1 f3 58. Rf4+ Ke3
59. Rxg4 f2+ 60. Kf1 Bc4+ 0-1

[Event "Chigorin Memorial 2008"]
[Site "St. Petersburg RUS"]
[Date "2008.10.09"]
[Round "7.52"]
[White "Valov, Ilya"]
[Black "Vrublevskaya, Olga"]
[Result "1-0"]
[WhiteElo "2269"]
[BlackElo "2106"]
[PlyCount "123"]
[EventDate "2008.10.03"]
[EventType "swiss"]
[EventRounds "9"]
[EventCountry "RUS"]
[Source "lmi"]
[SourceDate "2008.10.03"]

1. d4 d5 2. Nf3 e6 3. Bg5 Be7 4. Bxe7 Qxe7 5. c3 Nf6 6. e3 O-O 7. Nbd2 Nc6 8.
Bb5 Bd7 9. O-O a6 10. Bxc6 Bxc6 11. Ne5 Bb5 12. Re1 Nd7 13. a4 Nxe5 14. axb5
Nd3 15. Rf1 Nxb2 16. Qb1 Nc4 17. Nxc4 dxc4 18. bxa6 Rxa6 19. Rxa6 bxa6 20. Qa2
c5 21. Qxa6 cxd4 22. exd4 Qc7 23. Rb1 h6 24. g3 Rc8 25. Rb7 Qc6 26. Qxc6 Rxc6
27. Kg2 g5 28. Kf3 Kg7 29. Ke4 Kf6 30. Rb5 Ra6 31. Rb4 Rc6 32. Ra4 Ke7 33. Ra7+
Kd6 34. Rxf7 Ra6 35. Rf6 Ra1 36. d5 Re1+ 37. Kd4 Rd1+ 38. Kxc4 Rxd5 39. f4 gxf4
40. Rxf4 Rg5 41. Kd3 Kd5 42. Ra4 Kd6 43. Ra6+ Kd7 44. Ke4 Rc5 45. Kd4 Rd5+ 46.
Ke3 Rc5 47. Ra7+ Kd6 48. Rh7 h5 49. c4 Ra5 50. Kd4 Kc6 51. Rh6 Kd6 52. Rh8 Rg5
53. Kc3 Kc6 54. Kb4 Re5 55. Rc8+ Kb6 56. Rb8+ Kc6 57. Rb5 Re1 58. Rxh5 Kd6 59.
Kc3 Rd1 60. Rg5 e5 61. Rf5 Ke6 62. Rf2 1-0

[Event "Chigorin Memorial 2008"]
[Site "St. Petersburg RUS"]
[Date "2008.10.09"]
[Round "7.53"]
[White "Dushin, Nikolay"]
[Black "Senkevich, Konstantin"]
[Result "1/2-1/2"]
[WhiteElo "2026"]
[BlackElo "2118"]
[PlyCount "148"]
[EventDate "2008.10.03"]
[EventType "swiss"]
[EventRounds "9"]
[EventCountry "RUS"]
[Source "lmi"]
[SourceDate "2008.10.03"]

1. c4 e5 2. Nc3 Nc6 3. Nf3 g6 4. g3 Bg7 5. Bg2 Nge7 6. d3 O-O 7. h4 d5 8. cxd5
Nxd5 9. Nxd5 Qxd5 10. h5 Nd4 11. hxg6 hxg6 12. e3 Nxf3+ 13. Bxf3 Qb5 14. Qc2 c6
15. a4 Qa6 16. Bd2 Rd8 17. Be2 Qb6 18. a5 Qb5 19. Bc3 Be6 20. Rh4 Bf6 21. Rb4
Qd5 22. e4 Qd7 23. Rba4 Bg7 24. O-O-O b5 25. Ra1 c5 26. f4 f6 27. b3 Qf7 28.
Rb1 Rd7 29. fxe5 fxe5 30. Rf1 Qe7 31. Qb2 Qg5+ 32. Kc2 Qxg3 33. Rbe1 c4 34.
bxc4 bxc4 35. Rf3 cxd3+ 36. Rxd3 Rxd3 37. Bxd3 Rc8 38. Rd1 Qf2+ 39. Kb1 Qxb2+
40. Bxb2 Rc5 41. a6 Bh6 42. Be2 Bf4 43. Rd8+ Kg7 44. Ra8 Rc7 45. Ba3 Kf6 46.
Rb8 Rc3 47. Kb2 Re3 48. Bd1 Rxe4 49. Rf8+ Kg7 50. Re8 Bf7 51. Re7 Be3 52. Bb3
Bd4+ 53. Kc1 Rf4 54. Bd6 g5 55. Bxf7 Rxf7 56. Bxe5+ Bxe5 57. Rxe5 Kg6 58. Re6+
Rf6 59. Rxf6+ Kxf6 60. Kd2 Ke5 61. Ke3 Kd5 62. Kf3 Kc5 63. Kg4 Kb5 64. Kxg5
Kxa6 65. Kf4 Kb5 66. Ke3 Kb4 67. Kd2 Kb3 68. Kc1 Ka2 69. Kc2 a5 70. Kc1 a4 71.
Kc2 a3 72. Kc1 Kb3 73. Kb1 a2+ 74. Ka1 Ka3 1/2-1/2

[Event "Chigorin Memorial 2008"]
[Site "St. Petersburg RUS"]
[Date "2008.10.09"]
[Round "7.54"]
[White "Skrjabin, Igor"]
[Black "Efremova, Daria"]
[Result "1-0"]
[WhiteElo "2110"]
[BlackElo "1933"]
[PlyCount "39"]
[EventDate "2008.10.03"]
[EventType "swiss"]
[EventRounds "9"]
[EventCountry "RUS"]
[Source "lmi"]
[SourceDate "2008.10.03"]

1. e4 e6 2. d4 d5 3. e5 c5 4. c3 Nc6 5. Nf3 Qb6 6. Be2 Nh6 7. Bxh6 gxh6 8. Qd2
Rg8 9. O-O Bd7 10. Na3 cxd4 11. cxd4 Ne7 12. Nc2 Ng6 13. Kh1 Bg7 14. Bd3 O-O-O
15. a4 f6 16. a5 Qc7 17. Rfc1 fxe5 18. Nb4 Bc6 19. Bxg6 hxg6 20. a6 1-0

[Event "Chigorin Memorial 2008"]
[Site "St. Petersburg RUS"]
[Date "2008.10.09"]
[Round "7.55"]
[White "Sokolova, Vera"]
[Black "Balaian, Alina"]
[Result "0-1"]
[WhiteElo "2105"]
[BlackElo "1934"]
[PlyCount "30"]
[EventDate "2008.10.03"]
[EventType "swiss"]
[EventRounds "9"]
[EventCountry "RUS"]
[Source "lmi"]
[SourceDate "2008.10.03"]

1. e4 e6 2. d4 d5 3. Nc3 Nf6 4. Bg5 Bb4 5. e5 h6 6. Bd2 Bxc3 7. Bxc3 Ne4 8. Bb4
c5 9. Ba3 Nc6 10. Ne2 Qa5+ 11. c3 Nxc3 12. Nxc3 cxd4 13. Qb3 dxc3 14. bxc3 Nd4
15. Qb2 Qxa3 0-1

[Event "Chigorin Memorial 2008"]
[Site "St. Petersburg RUS"]
[Date "2008.10.09"]
[Round "7.56"]
[White "Zykova, Antonina"]
[Black "Fokin, Anatoly"]
[Result "1-0"]
[WhiteElo "2092"]
[BlackElo "1919"]
[PlyCount "89"]
[EventDate "2008.10.03"]
[EventType "swiss"]
[EventRounds "9"]
[EventCountry "RUS"]
[Source "lmi"]
[SourceDate "2008.10.03"]

1. e4 d5 2. exd5 Nf6 3. Nf3 Nxd5 4. d4 g6 5. c4 Nb6 6. Nc3 Bg7 7. c5 Nd5 8. Bc4
Nxc3 9. bxc3 O-O 10. O-O b6 11. Re1 bxc5 12. Bg5 Bf6 13. Bh6 Bg7 14. Qd2 cxd4
15. cxd4 Kh8 16. Re4 e6 17. Rh4 Bf6 18. Bxf8 Qxf8 19. Rf4 Nd7 20. Bb5 Bg7 21.
Ng5 Nf6 22. Bc6 Rb8 23. h4 h6 24. Nf3 Nh5 25. Re4 Rb6 26. Rc1 Qd6 27. Qc2 Nf6
28. Ree1 h5 29. Ne5 Qe7 30. Qxg6 Kg8 31. Qg5 Qb4 32. Qe3 Qe7 33. Bf3 Bb7 34.
Bxb7 Rxb7 35. g3 Rb2 36. Nc6 Qd6 37. Re2 Ng4 38. Qd3 Rb6 39. d5 exd5 40. Re8+
Bf8 41. Ne7+ Qxe7 42. Rxe7 Bxe7 43. Qxd5 Nf6 44. Qg5+ Kf8 45. Rxc7 1-0

[Event "Chigorin Memorial 2008"]
[Site "St. Petersburg RUS"]
[Date "2008.10.09"]
[Round "7.57"]
[White "Grechishkin, Vitaly"]
[Black "Airumian, Sergei"]
[Result "1/2-1/2"]
[WhiteElo "1861"]
[BlackElo "2070"]
[PlyCount "93"]
[EventDate "2008.10.03"]
[EventType "swiss"]
[EventRounds "9"]
[EventCountry "RUS"]
[Source "lmi"]
[SourceDate "2008.10.03"]

1. Nf3 d5 2. d4 c5 3. c3 Nc6 4. Bf4 Qb6 5. Qb3 Qxb3 6. axb3 cxd4 7. cxd4 Bf5 8.
e3 Bc2 9. Nc3 e6 10. Bb5 Bxb3 11. Ne5 Nge7 12. O-O f6 13. Nd3 Ng6 14. Rfe1 Be7
15. Bg3 Kf7 16. Nc5 Bxc5 17. dxc5 Nce5 18. f4 Nc4 19. f5 Nge5 20. fxe6+ Kxe6
21. Bxe5 fxe5 22. c6 b6 23. e4 d4 24. Nd5 Kd6 25. c7 Na5 26. Rec1 Bxd5 27. exd5
Rhc8 28. Bc6 Nxc6 29. Rxc6+ Kxd5 30. Rac1 d3 31. R6c3 e4 32. Kf2 a6 33. Ke3 Ra7
34. Rc4 d2 35. Kxd2 Kd6 36. Rd4+ Ke5 37. Rdc4 b5 38. Rc5+ Kd4 39. Rc6 a5 40.
Rd6+ Ke5 41. Rdc6 Kf4 42. Rf1+ Ke5 43. Rfc1 Kd4 44. Rd6+ Ke5 45. Rdc6 Kf4 46.
Rf1+ Ke5 47. Rfc1 1/2-1/2

[Event "Chigorin Memorial 2008"]
[Site "St. Petersburg RUS"]
[Date "2008.10.09"]
[Round "7.58"]
[White "Kopasov, Evgeny"]
[Black "Emdin, Mark"]
[Result "1-0"]
[WhiteElo "2046"]
[BlackElo "1862"]
[PlyCount "79"]
[EventDate "2008.10.03"]
[EventType "swiss"]
[EventRounds "9"]
[EventCountry "RUS"]
[Source "lmi"]
[SourceDate "2008.10.03"]

1. d4 d5 2. c4 e6 3. Nc3 Nf6 4. Bg5 Be7 5. e3 h6 6. Bh4 O-O 7. Nf3 b6 8. Rb1
Bb7 9. Bxf6 Bxf6 10. cxd5 exd5 11. b4 Re8 12. Bd3 Re7 13. b5 c5 14. bxc6 Nxc6
15. O-O Bc8 16. Qb3 Be6 17. Nd2 Rc7 18. Nb5 Rcc8 19. Rfc1 Na5 20. Qa4 Bd7 21.
Qd1 Nc6 22. Nc3 Be6 23. Ba6 Rcb8 24. Nb5 Bd7 25. Qb3 Be7 26. a3 Be8 27. Rc3 Na5
28. Qa2 Bxb5 29. Rxb5 Rc8 30. Bxc8 Rxc8 31. Rxd5 Qe8 32. Qc2 Rxc3 33. Qxc3 Qa4
34. Qc8+ Kh7 35. Qf5+ Kg8 36. Rd7 Qxa3 37. Rxa7 Qc1+ 38. Nf1 g6 39. Qd7 Nc6 40.
Rc7 1-0

[Event "Chigorin Memorial 2008"]
[Site "St. Petersburg RUS"]
[Date "2008.10.09"]
[Round "7.59"]
[White "Fedoseeva, Valentina"]
[Black "Frakin, Nikolay"]
[Result "1/2-1/2"]
[WhiteElo "1756"]
[BlackElo "1953"]
[PlyCount "85"]
[EventDate "2008.10.03"]
[EventType "swiss"]
[EventRounds "9"]
[EventCountry "RUS"]
[Source "lmi"]
[SourceDate "2008.10.03"]

1. e4 e5 2. Nf3 Nc6 3. Bb5 a6 4. Ba4 d6 5. O-O Bd7 6. c3 Be7 7. d4 b5 8. Bc2
Nf6 9. Be3 O-O 10. d5 Na5 11. Nbd2 Ng4 12. Re1 Nxe3 13. Rxe3 c5 14. b4 Nb7 15.
Nf1 c4 16. Ng3 g6 17. Re1 Qe8 18. Nd2 Bd8 19. Rf1 Bb6 20. Kh1 f6 21. f4 exf4
22. Rxf4 Qe5 23. Qf3 g5 24. Rf5 Bxf5 25. Nxf5 Qe8 26. Qg3 Bc7 27. Nf3 Kh8 28.
Qh3 Qf7 29. N3d4 Nd8 30. Rf1 Ra7 31. Qh6 Rg8 32. Ne6 Nxe6 33. dxe6 Qxe6 34. e5
Qxe5 35. Nh4 Bb8 36. Ng6+ Rxg6 37. Bxg6 Rg7 38. Bxh7 d5 39. Bc2+ Kg8 40. Qh3 g4
41. Qh4 Qxc3 42. Bh7+ Rxh7 43. Qxg4+ 1/2-1/2

[Event "Chigorin Memorial 2008"]
[Site "St. Petersburg RUS"]
[Date "2008.10.09"]
[Round "7.62"]
[White "De Luna Butz, Albert"]
[Black "Atlas, Eduard"]
[Result "1/2-1/2"]
[WhiteElo "1830"]
[BlackElo "2067"]
[PlyCount "108"]
[EventDate "2008.10.03"]
[EventType "swiss"]
[EventRounds "9"]
[EventCountry "RUS"]
[Source "lmi"]
[SourceDate "2008.10.03"]

1. d4 d5 2. c4 e6 3. Nc3 Nf6 4. cxd5 exd5 5. Bg5 Be7 6. e3 c6 7. Bd3 Nbd7 8.
Qc2 O-O 9. Nge2 Re8 10. O-O Nf8 11. f3 Nh5 12. Bxe7 Rxe7 13. e4 dxe4 14. fxe4
Bg4 15. e5 g6 16. Rad1 Ne6 17. Bc4 b5 18. Bxe6 Rxe6 19. Qd2 f6 20. exf6 Rxf6
21. Rxf6 Qxf6 22. Rf1 Qe6 23. Nf4 Nxf4 24. Qxf4 Re8 25. h3 Bf5 26. a3 a6 27.
Kh2 Rd8 28. Rf2 Qd6 29. Qxd6 Rxd6 30. Rd2 h5 31. Kg3 g5 32. Kf3 Kg7 33. g4
hxg4+ 34. hxg4 Bg6 35. Ne4 Bxe4+ 36. Kxe4 Rf6 37. d5 Rf4+ 38. Ke5 cxd5 39. Rxd5
Rxg4 40. Rd6 Ra4 41. Kf5 Kf7 42. Kxg5 Ke7 43. Rh6 Kd7 44. Kf5 Kc7 45. Ke5 Kb7
46. Kd5 Rf4 47. Rh2 Kb6 48. b3 Rf3 49. Rb2 Rd3+ 50. Ke4 Rd8 51. b4 a5 52. Rb3
Rd1 53. Ke3 axb4 54. axb4 Rd8 1/2-1/2

[Event "Chigorin Memorial 2008"]
[Site "St. Petersburg RUS"]
[Date "2008.10.09"]
[Round "7.63"]
[White "Zakharov, Yuri"]
[Black "Sarkisov, Vladimir"]
[Result "1/2-1/2"]
[WhiteElo "2056"]
[BlackElo "1964"]
[PlyCount "137"]
[EventDate "2008.10.03"]
[EventType "swiss"]
[EventRounds "9"]
[EventCountry "RUS"]
[Source "lmi"]
[SourceDate "2008.10.03"]

1. Nf3 Nf6 2. g3 g6 3. d4 d6 4. Bg2 Bg7 5. c3 Nbd7 6. O-O c6 7. Qc2 O-O 8. a4
e5 9. e4 Re8 10. Re1 Qc7 11. dxe5 dxe5 12. b3 Nc5 13. Nbd2 Be6 14. b4 Ncd7 15.
Ng5 Nf8 16. Nxe6 Nxe6 17. Nf1 a5 18. Bh3 axb4 19. Bxe6 Rxe6 20. cxb4 Bf8 21.
Bd2 Rd8 22. Bc3 Qb6 23. Ne3 Qa6 24. Red1 Rxd1+ 25. Rxd1 Bd6 26. Kg2 Bc7 27. Be1
Qa8 28. f3 Qe8 29. Qc4 Rd6 30. Rxd6 Bxd6 31. a5 Qd7 32. Qd3 Bc7 33. Qxd7 Nxd7
34. Kf2 Kf8 35. Ke2 Ke7 36. Kd3 Nf8 37. Bd2 Ne6 38. Nc2 Nd8 39. Bg5+ f6 40. Be3
Ne6 41. Kc4 Kd7 42. Bd2 Bb8 43. b5 Ba7 44. bxc6+ bxc6 45. g4 Kc7 46. h3 Kb7 47.
h4 h5 48. gxh5 gxh5 49. Ne3 Nd4 50. Bb4 Nxf3 51. Nf5 Bf2 52. Ng7 Nxh4 53. Nxh5
f5 54. exf5 Nxf5 55. Nf6 Ne3+ 56. Kb3 Nd5 57. Ne4 Nxb4 58. Kxb4 Be1+ 59. Ka4
Ka7 60. Nc5 Bf2 61. Ne4 Bd4 62. Nd6 Ka6 63. Ne4 c5 64. Nd6 Bc3 65. Kb3 Bxa5 66.
Kc4 Kb6 67. Ne4 Bb4 68. Kd5 Kb5 69. Nd6+ 1/2-1/2

[Event "Chigorin Memorial 2008"]
[Site "St. Petersburg RUS"]
[Date "2008.10.09"]
[Round "7.64"]
[White "Karataev, Oleg"]
[Black "Kozlov, Mikhail"]
[Result "1-0"]
[WhiteElo "1965"]
[BlackElo "2025"]
[PlyCount "35"]
[EventDate "2008.10.03"]
[EventType "swiss"]
[EventRounds "9"]
[EventCountry "RUS"]
[Source "lmi"]
[SourceDate "2008.10.03"]

1. e4 e5 2. Nc3 Nc6 3. Bc4 Nf6 4. d3 Na5 5. Bb3 Nxb3 6. axb3 d5 7. exd5 Nxd5 8.
Nf3 Nxc3 9. bxc3 Bd6 10. O-O O-O 11. c4 c5 12. Re1 Re8 13. Bb2 f6 14. Nd2 Qc7
15. Ne4 Bf8 16. f4 Bd7 17. fxe5 fxe5 18. Qh5 1-0

[Event "Chigorin Memorial 2008"]
[Site "St. Petersburg RUS"]
[Date "2008.10.09"]
[Round "7.65"]
[White "Kosov, Igor"]
[Black "Obrezchikov, Mikhail"]
[Result "0-1"]
[WhiteElo "1746"]
[BlackElo "1986"]
[PlyCount "60"]
[EventDate "2008.10.03"]
[EventType "swiss"]
[EventRounds "9"]
[EventCountry "RUS"]
[Source "lmi"]
[SourceDate "2008.10.03"]

1. d4 Nf6 2. Nf3 e6 3. c4 d5 4. Nc3 Bb4 5. a3 Bxc3+ 6. bxc3 O-O 7. e3 c5 8.
cxd5 exd5 9. Bd3 Bg4 10. O-O c4 11. Be2 Ne4 12. Bb2 h6 13. Nd2 Bf5 14. Nxe4
Bxe4 15. f3 Bg6 16. e4 Nc6 17. e5 Qb6 18. Bc1 Nxe5 19. f4 Nd7 20. f5 Bh7 21.
Bd2 Nf6 22. Rb1 Qc6 23. Be1 Rfe8 24. Bh4 Ne4 25. Qc1 Nxc3 26. Qxc3 Rxe2 27.
Rbe1 Rxe1 28. Qxe1 Re8 29. Qg3 f6 30. Qf4 Re4 0-1

[Event "Chigorin Memorial 2008"]
[Site "St. Petersburg RUS"]
[Date "2008.10.09"]
[Round "7.66"]
[White "Orlov, Anatoly"]
[Black "Babaev, David"]
[Result "1-0"]
[WhiteElo "2037"]
[BlackElo "1842"]
[PlyCount "68"]
[EventDate "2008.10.03"]
[EventType "swiss"]
[EventRounds "9"]
[EventCountry "RUS"]
[Source "lmi"]
[SourceDate "2008.10.03"]

1. e4 e6 2. Qe2 c5 3. g3 Ne7 4. Bg2 Nbc6 5. Nf3 d5 6. d3 Qb6 7. O-O Bd7 8. Nc3
d4 9. Na4 Qa5 10. b3 Ng6 11. e5 b5 12. Nb2 Nge7 13. Bd2 Qc7 14. a4 b4 15. Nc4
Nd5 16. Ng5 Be7 17. Bxd5 exd5 18. Nd6+ Kf8 19. Ngxf7 Bxd6 20. exd6 Qc8 21. Nxh8
Kg8 22. Nf7 Kxf7 23. Qf3+ Kg8 24. Qxd5+ Kh8 25. Qxc5 Qb7 26. Qd5 Qc8 27. Rfe1
Rb8 28. Re2 Qf8 29. Re4 Rd8 30. Bg5 Rc8 31. Rae1 Rb8 32. Rf4 Qc8 33. Be7 Qb7
34. Qf7 Rg8 1-0

[Event "Chigorin Memorial 2008"]
[Site "St. Petersburg RUS"]
[Date "2008.10.09"]
[Round "7.67"]
[White "Bagrunov, Vladimir"]
[Black "Stroganov, Anatoly"]
[Result "0-1"]
[WhiteElo "2020"]
[BlackElo "1953"]
[PlyCount "48"]
[EventDate "2008.10.03"]
[EventType "swiss"]
[EventRounds "9"]
[EventCountry "RUS"]
[Source "lmi"]
[SourceDate "2008.10.03"]

1. b3 d6 2. Bb2 e5 3. g3 g6 4. Bg2 Bg7 5. e3 Ne7 6. Ne2 O-O 7. O-O c6 8. c4 Nd7
9. Nbc3 Qc7 10. h3 Nc5 11. d4 Nd7 12. b4 Nb6 13. Qd3 exd4 14. exd4 Bf5 15. Be4
Bxh3 16. Rfd1 d5 17. cxd5 Nbxd5 18. a3 Rad8 19. Rac1 Qd7 20. Kh2 Bg4 21. Re1 a6
22. Nd1 Be6 23. Rb1 Nf6 24. Bg2 Bf5 0-1

[Event "Chigorin Memorial 2008"]
[Site "St. Petersburg RUS"]
[Date "2008.10.10"]
[Round "8.3"]
[White "Popov, Valerij"]
[Black "Vysochin, Spartak"]
[Result "1-0"]
[WhiteElo "2542"]
[BlackElo "2520"]
[PlyCount "85"]
[EventDate "2008.10.03"]
[EventType "swiss"]
[EventRounds "9"]
[EventCountry "RUS"]
[Source "lmi"]
[SourceDate "2008.10.03"]

1. d4 d5 2. c4 c6 3. Nc3 Nf6 4. e3 g6 5. Nf3 Bg7 6. Bd3 O-O 7. O-O Bg4 8. h3
Bxf3 9. Qxf3 e6 10. Rd1 Nbd7 11. Bd2 Qe7 12. Be1 Rfe8 13. Qe2 a6 14. Rac1 dxc4
15. Bxc4 b5 16. Bb3 c5 17. dxc5 Nxc5 18. Bc2 Rec8 19. b4 Ncd7 20. a4 Qxb4 21.
Nxb5 Qe7 22. Nd4 Nd5 23. Rb1 Nc5 24. g3 Qa7 25. h4 Rab8 26. h5 Rxb1 27. Rxb1
Nd7 28. Bd3 a5 29. Ba6 Rb8 30. Rxb8+ Nxb8 31. Bb5 Nb4 32. Qc4 Bf8 33. Nxe6 fxe6
34. Qxe6+ Qf7 35. Qc8 N8c6 36. Bxb4 Nxb4 37. Bc4 Nd5 38. Qa8 Kg7 39. Bxd5 Qf5
40. hxg6 hxg6 41. Qxa5 Kh6 42. Qd8 g5 43. a5 1-0

[Event "Chigorin Memorial 2008"]
[Site "St. Petersburg RUS"]
[Date "2008.10.10"]
[Round "8.5"]
[White "Levin, Evgeny A"]
[Black "Aleksandrov, Aleksej"]
[Result "1/2-1/2"]
[WhiteElo "2487"]
[BlackElo "2617"]
[PlyCount "102"]
[EventDate "2008.10.03"]
[EventType "swiss"]
[EventRounds "9"]
[EventCountry "RUS"]
[Source "lmi"]
[SourceDate "2008.10.03"]

1. d4 Nf6 2. c4 e6 3. Nc3 Bb4 4. e3 O-O 5. Bd3 d5 6. Nf3 c5 7. O-O Nc6 8. a3
Bxc3 9. bxc3 Qc7 10. Bb2 Na5 11. cxd5 exd5 12. Ne5 c4 13. Bc2 Ne4 14. f3 Nd6
15. a4 Bf5 16. Ba3 Bxc2 17. Qxc2 Nb3 18. Rae1 Rad8 19. e4 Qa5 20. Ng4 Qxa4 21.
Bxd6 Rxd6 22. Ne3 dxe4 23. fxe4 Rg6 24. Ra1 Qd7 25. Rxa7 Nxd4 26. Qd1 Rd6 27.
cxd4 Rxd4 28. Qb1 Rb8 29. Nd5 h6 30. Rd1 Rxd1+ 31. Qxd1 Qb5 32. Qf1 Re8 33. h3
Qc6 34. Qf3 Qc8 35. Kh1 Qb8 36. Qf2 Rxe4 37. Nc7 Rf4 38. Qxf4 Qxa7 39. Qxc4
Qa1+ 40. Kh2 Qe5+ 41. Kg1 Qe1+ 42. Qf1 Qe5 43. Nb5 h5 44. Kh1 g6 45. Qb1 b6 46.
Na3 Qc3 47. Nb5 Qe5 48. Qb4 Qa1+ 49. Kh2 Qe5+ 50. Kg1 Qa1+ 51. Kf2 Qf6+ 1/2-1/2

[Event "Chigorin Memorial 2008"]
[Site "St. Petersburg RUS"]
[Date "2008.10.10"]
[Round "8.7"]
[White "Vorobiov, Evgeny E"]
[Black "Rozum, Ivan"]
[Result "1/2-1/2"]
[WhiteElo "2577"]
[BlackElo "2439"]
[PlyCount "115"]
[EventDate "2008.10.03"]
[EventType "swiss"]
[EventRounds "9"]
[EventCountry "RUS"]
[Source "lmi"]
[SourceDate "2008.10.03"]

1. e4 d6 2. d4 Nf6 3. Nc3 g6 4. Bg5 Bg7 5. Qd2 h6 6. Bh4 g5 7. Bg3 Nh5 8. O-O-O
Nd7 9. Nge2 e6 10. f3 Nxg3 11. hxg3 Qe7 12. g4 a6 13. Kb1 Rg8 14. g3 Nb6 15.
Nc1 Bd7 16. Nb3 O-O-O 17. Na5 d5 18. e5 f6 19. f4 fxe5 20. dxe5 Rgf8 21. Bxa6
bxa6 22. Qe2 Nc4 23. Nxc4 dxc4 24. Qxc4 Kb7 25. Ne4 Bb5 26. Qxe6 Rxd1+ 27. Rxd1
Qxe6 28. Nc5+ Kc8 29. Nxe6 Rg8 30. Nxg7 Rxg7 31. f5 Rd7 32. Re1 Rd2 33. b3 Re2
34. Rh1 Rxe5 35. Rxh6 Re4 36. f6 Re1+ 37. Kb2 Rf1 38. Rg6 Be8 39. Rxg5 Rxf6 40.
Rf5 Re6 41. g5 Re3 42. Rf8 Kb7 43. a3 Bc6 44. Rf5 Rxg3 45. Rc5 Kb6 46. b4 Rg1
47. Re5 Ba4 48. Rc5 Rg2 49. Kc1 Bc6 50. Re5 Rg4 51. Kb2 Re4 52. Rxe4 Bxe4 53.
c4 Bg6 54. Kc3 Bf7 55. Kd4 Kc6 56. a4 Kb6 57. a5+ Kc6 58. Kc3 1/2-1/2

[Event "Chigorin Memorial 2008"]
[Site "St. Petersburg RUS"]
[Date "2008.10.10"]
[Round "8.8"]
[White "Yakovich, Yuri"]
[Black "Gorovykh, Eduard"]
[Result "1-0"]
[WhiteElo "2567"]
[BlackElo "2390"]
[PlyCount "69"]
[EventDate "2008.10.03"]
[EventType "swiss"]
[EventRounds "9"]
[EventCountry "RUS"]
[Source "lmi"]
[SourceDate "2008.10.03"]

1. d4 Nf6 2. c4 g6 3. Nc3 Bg7 4. e4 d6 5. Be2 O-O 6. Bg5 Na6 7. h4 e5 8. d5 c6
9. h5 h6 10. Be3 Nc5 11. hxg6 fxg6 12. f3 cxd5 13. cxd5 Nh5 14. Qd2 Nf4 15. Bf1
g5 16. O-O-O Bd7 17. Kb1 Rb8 18. Nb5 Bxb5 19. Bxb5 Rf7 20. g3 Ng6 21. Bxc5 dxc5
22. d6 Rf6 23. Nh3 Bf8 24. d7 Kg7 25. Nxg5 hxg5 26. Qxg5 Rb6 27. Qh6+ Kf6 28.
Qh5 Rxb5 29. Qf5+ Kg7 30. Rh7+ Kxh7 31. Qf7+ Bg7 32. Rh1+ Nh4 33. Rxh4+ Qxh4
34. gxh4 c4 35. Qxc4 1-0